[Event "Oberliga Ost-B 2122"]
[Site "Germany"]
[Date "2022.04.03"]
[Round "11.7"]
[White "Schroeter, Maik"]
[Black "Kaiser, Richard1111"]
[Result "0-1"]
[WhiteElo "1947"]
[BlackElo "2117"]
[PlyCount "98"]
[EventDate "2021.10.10"]
[EventType "team-tourn"]
[EventRounds "11"]
[EventCountry "GER"]
[SourceTitle "EXT 2023"]
[Source "ChessBase"]
[SourceDate "2022.10.05"]
[SourceVersion "1"]
[SourceVersionDate "2022.10.05"]
[SourceQuality "1"]
[WhiteTeam "Stadtilm Blau Weiss"]
[BlackTeam "Bad Homburg"]
[WhiteTeamCountry "GER"]
[BlackTeamCountry "GER"]

1. e4 d6 2. Nc3 Nf6 3. g3 c5 4. Bg2 Nc6 5. Nge2 g6 6. d3 Bg7 7. h3 0-0 8. Be3 Rb8 9. g4 b5 10. Ng3 b4 11. Nce2 Ne8 12. Qc1 Nc7 13. Bh6 e5 14. h4 Bxh6 15. Qxh6 Qf6 16. Nf5 Ne8 17. Ne3 Qg7 18. Qxg7+ Kxg7 19. g5 Nc7 20. Kd2 Nd4 21. Nxd4 cxd4 22. Nd5 Nxd5 23. exd5 f6 24. gxf6+ Rxf6 25. Raf1 Rb5 26. f4 exf4 27. Rf2 h6 28. Re1 g5 29. Re4 a5 30. Rxd4 Bb7 31. Bf3 Rf5 32. Be4 Re5 33. hxg5 hxg5 34. Rh2 Bxd5 35. Rh7+ Kg8 36. Rh6 Bxe4 37. dxe4 d5 38. exd5 Rbxd5 39. Rxd5 Rxd5+ 40. Ke2 Kg7 41. Rc6 g4 42. Rc4 Rf5 43. Kf2 Kf6 44. c3 bxc3 45. bxc3 Kg5 46. Rc8 Rb5 47. Rg8+ Kf5 48. Rf8+ Ke4 49. Re8+ Kd3 0-1

[Event "Oberliga Ost-B 1920"]
[Site "Germany"]
[Date "2021.07.18"]
[Round "11.8"]
[White "Hein, Lennart"]
[Black "Schroeter, Maik"]
[Result "1/2-1/2"]
[WhiteElo "1891"]
[BlackElo "1945"]
[PlyCount "20"]
[EventDate "2019.09.29"]
[EventType "team-tourn"]
[EventRounds "11"]
[EventCountry "GER"]
[SourceTitle "EXT 2023"]
[Source "ChessBase"]
[SourceDate "2022.10.05"]
[SourceVersion "1"]
[SourceVersionDate "2022.10.05"]
[SourceQuality "1"]
[WhiteTeam "Marburg"]
[BlackTeam "Stadtilm Blau Weiss"]
[WhiteTeamCountry "GER"]
[BlackTeamCountry "GER"]

1. d4 Nf6 2. Nf3 e6 3. c4 Bb4+ 4. Bd2 Bxd2+ 5. Qxd2 d5 6. g3 0-0 7. Bg2 Nbd7 8. cxd5 exd5 9. Nc3 c6 10. 0-0 Re8 1/2-1/2

[Event "Erfurt op-A 29th"]
[Site "Erfurt"]
[Date "2019.12.30"]
[Round "8"]
[White "Sauer, Marko"]
[Black "Schroeter, Maik"]
[Result "1-0"]
[WhiteElo "2053"]
[BlackElo "1943"]
[PlyCount "83"]
[EventDate "2019.12.26"]
[EventType "swiss"]
[EventRounds "8"]
[EventCountry "GER"]
[SourceTitle "CBM 194 Extra"]
[Source "ChessBase"]
[SourceDate "2020.03.31"]
[SourceVersion "1"]
[SourceVersionDate "2020.03.31"]
[SourceQuality "1"]

1. d4 Nf6 2. c4 e6 3. Nc3 Bb4 4. Qc2 c5 5. a3 Qa5 6. e3 Nc6 7. Nf3 cxd4 8. exd4 e5 9. dxe5 Nxe5 10. Be2 Nxf3+ 11. Bxf3 0-0 12. Bd2 Re8+ 13. Ne2 Bxd2+ 14. Qxd2 Qxd2+ 15. Kxd2 d5 16. cxd5 Nxd5 17. Rad1 Be6 18. Nd4 Rad8 19. Nxe6 Rxe6 20. Kc1 Red6 21. Rd4 Nf6 22. Rxd6 Rxd6 23. Bxb7 g5 24. f3 Rd7 25. Ba6 h5 26. Re1 Kg7 27. Re5 g4 28. Be2 Kg6 29. Kc2 Rc7+ 30. Kd2 gxf3 31. gxf3 h4 32. f4 Rd7+ 33. Ke3 Nd5+ 34. Kf3 f6 35. Re8 Rb7 36. Bd3+ Kg7 37. b4 Rc7 38. Rd8 Ne7 39. Kg4 Ng6 40. Bxg6 Kxg6 41. Rd3 Rc4 42. Rf3 1-0

[Event "Erfurt op-A 29th"]
[Site "Erfurt"]
[Date "2019.12.27"]
[Round "3"]
[White "Rensch, Toralf"]
[Black "Schroeter, Maik"]
[Result "1-0"]
[WhiteElo "2103"]
[BlackElo "1943"]
[PlyCount "55"]
[EventDate "2019.12.26"]
[EventType "swiss"]
[EventRounds "8"]
[EventCountry "GER"]
[SourceTitle "CBM 194 Extra"]
[Source "ChessBase"]
[SourceDate "2020.03.31"]
[SourceVersion "1"]
[SourceVersionDate "2020.03.31"]
[SourceQuality "1"]

1. e4 c5 2. Nc3 Nc6 3. g3 d6 4. Bg2 Nf6 5. d3 g6 6. Nd5 Bg7 7. h4 h5 8. c3 0-0 9. Ne2 Bg4 10. Nxf6+ Bxf6 11. f3 Bd7 12. Bg5 Bg7 13. Qd2 Qb6 14. 0-0 e5 15. Kh2 Be6 16. c4 f6 17. Be3 Qd8 18. Nc3 Qd7 19. Rf2 Rf7 20. Raf1 Raf8 21. Nd5 f5 22. f4 Bxd5 23. cxd5 Ne7 24. Bh3 Kh7 25. fxe5 Bxe5 26. d4 cxd4 27. Bxd4 Qa4 28. Bxe5 1-0

[Event "Erfurt op-A 29th"]
[Site "Erfurt"]
[Date "2019.12.26"]
[Round "1"]
[White "Schulte, Felix"]
[Black "Schroeter, Maik"]
[Result "1-0"]
[WhiteElo "2126"]
[BlackElo "1943"]
[PlyCount "71"]
[EventDate "2019.12.26"]
[EventType "swiss"]
[EventRounds "8"]
[EventCountry "GER"]
[SourceTitle "CBM 194 Extra"]
[Source "ChessBase"]
[SourceDate "2020.03.31"]
[SourceVersion "1"]
[SourceVersionDate "2020.03.31"]
[SourceQuality "1"]

1. d4 Nf6 2. c4 e6 3. Nc3 Bb4 4. e3 0-0 5. Nge2 b6 6. a3 Bxc3+ 7. Nxc3 Bb7 8. Qc2 d5 9. cxd5 exd5 10. Bd3 Nbd7 11. 0-0 c5 12. dxc5 Nxc5 13. Be2 Rc8 14. Qd1 Nce4 15. Nb5 a6 16. Nd4 g6 17. Bf3 h5 18. b4 Bc6 19. Bb2 Bd7 20. Qd3 Bb5 21. Nxb5 axb5 22. Bxe4 Nxe4 23. Qxb5 Rc2 24. Be5 Nd2 25. Qd3 Qc8 26. Rfd1 Re8 27. Rxd2 Rxd2 28. Qxd2 Rxe5 29. Rc1 Qa6 30. Rc3 Rf5 31. Qc2 Qb7 32. Rc8+ Kg7 33. Qc3+ Rf6 34. Rc7 Qb8 35. Rc6 Qd8 36. Qd4 1-0

[Event "Oberliga Ost-B 1718"]
[Site "Germany"]
[Date "2017.11.12"]
[Round "3.7"]
[White "Schroeter, Maik"]
[Black "Meyer, Kai Christian"]
[Result "1/2-1/2"]
[WhiteElo "1876"]
[BlackElo "2158"]
[PlyCount "45"]
[EventDate "2017.10.22"]
[EventType "team-tourn"]
[EventRounds "11"]
[EventCountry "GER"]
[SourceTitle "EXT 2019"]
[Source "ChessBase"]
[SourceDate "2018.10.10"]
[SourceVersion "1"]
[SourceVersionDate "2018.10.10"]
[SourceQuality "1"]
[WhiteTeam "Stadtilm Blau Weiss"]
[BlackTeam "Schoeneck"]
[WhiteTeamCountry "GER"]
[BlackTeamCountry "GER"]

1. e4 c6 2. d4 d5 3. Nc3 dxe4 4. Nxe4 Bf5 5. Ng3 Bg6 6. Nf3 Nf6 7. Bd3 e6 8. c3 Nbd7 9. Bg5 Qc7 10. Bxf6 Nxf6 11. 0-0 Bd6 12. Re1 0-0 13. Bxg6 hxg6 14. Ne4 Nxe4 15. Rxe4 Rfd8 16. Qe2 Qa5 17. a3 Qb5 18. c4 Qf5 19. Rd1 b5 20. c5 Bc7 21. Ne5 Bxe5 22. Rxe5 Qf6 23. Rd3 1/2-1/2

[Event "Oberliga Ost-B 1718"]
[Site "Germany"]
[Date "2017.11.11"]
[Round "2.7"]
[White "Wahedi, Ahmad Siar"]
[Black "Schroeter, Maik"]
[Result "1-0"]
[WhiteElo "2255"]
[BlackElo "1876"]
[PlyCount "39"]
[EventDate "2017.10.22"]
[EventType "team-tourn"]
[EventRounds "11"]
[EventCountry "GER"]
[SourceTitle "EXT 2019"]
[Source "ChessBase"]
[SourceDate "2018.10.10"]
[SourceVersion "1"]
[SourceVersionDate "2018.10.10"]
[SourceQuality "1"]
[WhiteTeam "Neuberg"]
[BlackTeam "Stadtilm Blau Weiss"]
[WhiteTeamCountry "GER"]
[BlackTeamCountry "GER"]

1. e4 c6 2. Nf3 d5 3. exd5 cxd5 4. Ne5 Nf6 5. d4 Nbd7 6. Bb5 a6 7. Bd3 e6 8. 0-0 Nxe5 9. dxe5 Nd7 10. Qe2 Nc5 11. Rd1 Bd7 12. Nc3 g6 13. Be3 b6 14. Bxc5 bxc5 15. Bxa6 c4 16. Bb5 Bg7 17. a4 0-0 18. Qe3 f5 19. Nxd5 Bxb5 20. Nb6 1-0

[Event "Berlin Lichtenberger op 16th"]
[Site "Berlin"]
[Date "2017.08.27"]
[Round "9"]
[White "Schroeter, Maik"]
[Black "Heuser, Philip"]
[Result "1/2-1/2"]
[WhiteElo "1876"]
[BlackElo "2041"]
[PlyCount "93"]
[EventDate "2017.08.19"]
[EventType "swiss"]
[EventRounds "9"]
[EventCountry "GER"]
[SourceTitle "CBM 180 Extra"]
[Source "ChessBase"]
[SourceDate "2017.10.06"]
[SourceVersion "1"]
[SourceVersionDate "2017.10.06"]
[SourceQuality "1"]

1. e4 c6 2. d4 d5 3. Nc3 dxe4 4. Nxe4 Nf6 5. Nxf6+ gxf6 6. Nf3 Bg4 7. h3 Bh5 8. c3 Qc7 9. Qb3 Nd7 10. Bd2 0-0-0 11. Be2 e6 12. g4 Bg6 13. Nh4 Be4 14. Bf3 Bxf3 15. Nxf3 h5 16. 0-0-0 Bd6 17. g5 Rhg8 18. h4 f5 19. Rhg1 Nf8 20. Qa4 Kb8 21. Ne5 Bxe5 22. dxe5 Ng6 23. Be3 b6 24. Rxd8+ Rxd8 25. Rd1 Kb7 26. f4 Rd7 27. Bf2 Qd8 28. Bg3 Rxd1+ 29. Qxd1 Qd5 30. Qxh5 Qg2 31. Qh7 Qxg3 32. Qxf7+ Ka6 33. Qxg6 Qxf4+ 34. Kc2 Qe4+ 35. Kc1 Qe3+ 36. Kc2 Qe2+ 37. Kc1 Qe1+ 38. Kc2 Qe4+ 39. Kc1 Qxe5 40. Qh5 Qe3+ 41. Kd1 Qd3+ 42. Ke1 Qg3+ 43. Ke2 e5 44. Qf3 Qh2+ 45. Qf2 Qh3 46. Qf3 Qh2+ 47. Qf2 1/2-1/2

[Event "Berlin Lichtenberger op 16th"]
[Site "Berlin"]
[Date "2017.08.21"]
[Round "3"]
[White "Schroeter, Maik"]
[Black "Wolfram, Mike"]
[Result "1-0"]
[WhiteElo "1876"]
[BlackElo "1550"]
[PlyCount "73"]
[EventDate "2017.08.19"]
[EventType "swiss"]
[EventRounds "9"]
[EventCountry "GER"]
[SourceTitle "CBM 180 Extra"]
[Source "ChessBase"]
[SourceDate "2017.10.06"]
[SourceVersion "1"]
[SourceVersionDate "2017.10.06"]
[SourceQuality "1"]

1. e4 c5 2. Nc3 Nc6 3. Nge2 e6 4. g3 Nf6 5. Bg2 d6 6. d3 Be7 7. h3 0-0 8. Be3 d5 9. exd5 exd5 10. d4 cxd4 11. Nxd4 Bb4 12. 0-0 Bxc3 13. bxc3 Qa5 14. Bd2 Qa4 15. Bg5 Ne4 16. Bxe4 dxe4 17. Kh2 f6 18. Be3 Rd8 19. Qe2 Qa5 20. Qc4+ Qd5 21. Qxd5+ Rxd5 22. Nxc6 bxc6 23. Rfd1 Rh5 24. Rd8+ Kf7 25. g4 Rb5 26. Rad1 Bb7 27. R1d7+ Kg6 28. Rxa8 Bxa8 29. Rxa7 Bb7 30. a4 Rb2 31. a5 Bc8 32. Ra8 Be6 33. a6 Bd5 34. a7 c5 35. Rd8 Bc6 36. Rc8 Bd5 37. c4 1-0

[Event "Erfurt HT op 26th"]
[Site "Erfurt"]
[Date "2016.12.27"]
[Round "2"]
[White "Schroeter, Maik"]
[Black "Siegl, Detlef"]
[Result "1/2-1/2"]
[WhiteElo "1910"]
[BlackElo "1784"]
[PlyCount "43"]
[EventDate "2016.12.26"]
[EventType "swiss"]
[EventRounds "8"]
[EventCountry "GER"]
[SourceTitle "EXT 2018"]
[Source "ChessBase"]
[SourceDate "2017.10.13"]
[SourceVersion "1"]
[SourceVersionDate "2017.10.13"]
[SourceQuality "1"]

1. e4 c5 2. Nc3 Nc6 3. Nge2 g6 4. g3 Bg7 5. Bg2 Nf6 6. 0-0 0-0 7. d3 d6 8. h3 Bd7 9. Be3 e5 10. Qc1 Be6 11. g4 Ne8 12. Ng3 Nc7 13. Nce2 Nd4 14. Nxd4 cxd4 15. Bh6 Bd7 16. Bxg7 Kxg7 17. f4 Qh4 18. Qe1 Kh8 19. f5 f6 20. Kh2 Bc6 21. Qd2 Kg7 22. Qf2 1/2-1/2

[Event "Berlin Lichtenberger op 15th"]
[Site "Berlin"]
[Date "2016.08.19"]
[Round "7"]
[White "Schroeter, Maik"]
[Black "Kroencke, Manfred"]
[Result "0-1"]
[WhiteElo "1904"]
[BlackElo "2039"]
[PlyCount "74"]
[EventDate "2016.08.13"]
[EventType "swiss"]
[EventRounds "9"]
[EventCountry "GER"]
[SourceTitle "CBM 173 Extra"]
[Source "ChessBase"]
[SourceDate "2016.08.29"]
[SourceVersion "1"]
[SourceVersionDate "2016.08.29"]
[SourceQuality "1"]

1. e4 c5 2. Nc3 Nc6 3. Nge2 e6 4. g3 a6 5. a4 g6 6. Bg2 Bg7 7. d3 Nge7 8. Be3 Nd4 9. Qd2 d6 10. h4 h5 11. Rb1 Qa5 12. 0-0 Rb8 13. b3 Nec6 14. Qc1 Bd7 15. Bd2 b5 16. axb5 axb5 17. Re1 b4 18. Nxd4 Nxd4 19. Ne2 Nb5 20. Bf4 Rb6 21. Qd2 Ra6 22. Qe3 Qc7 23. Rbd1 Ra2 24. d4 cxd4 25. Nxd4 Nxd4 26. Rxd4 Bxd4 27. Qxd4 e5 28. Qxb4 exf4 29. e5 0-0 30. Qxf4 dxe5 31. Qf6 Qd8 32. Qd6 Bf5 33. Qxe5 Rxc2 34. g4 Qd2 35. Rf1 hxg4 36. h5 Qg5 37. Be4 Re2 0-1

[Event "Erfurt HT op 24th"]
[Site "Erfurt"]
[Date "2014.12.30"]
[Round "8"]
[White "Schroeter, Maik"]
[Black "Schmidt, Matthias"]
[Result "1/2-1/2"]
[WhiteElo "1877"]
[BlackElo "2024"]
[PlyCount "45"]
[EventDate "2014.12.26"]
[EventType "swiss"]
[EventRounds "8"]
[EventCountry "GER"]
[SourceTitle "EXT 2016"]
[Source "ChessBase"]
[SourceDate "2015.10.08"]
[SourceVersion "1"]
[SourceVersionDate "2015.10.08"]
[SourceQuality "1"]

1. e4 g6 2. d4 Bg7 3. Nf3 d6 4. Bc4 Nf6 5. Qe2 0-0 6. Nc3 c6 7. a4 Nbd7 8. e5 dxe5 9. dxe5 Ng4 10. e6 Nde5 11. exf7+ Kh8 12. h3 Nxf3+ 13. Qxf3 Ne5 14. Qe2 Nxc4 15. Qxc4 Qd4 16. Qxd4 Bxd4 17. Bh6 Rxf7 18. 0-0-0 Bb6 19. Ne4 Bc7 20. Rhe1 Bf5 21. g4 Bxe4 22. Rxe4 Bd6 23. Rf1 1/2-1/2

[Event "Erfurt HT op 24th"]
[Site "Erfurt"]
[Date "2014.12.28"]
[Round "5"]
[White "Schroeter, Maik"]
[Black "Oshionwu, Nelo"]
[Result "1-0"]
[WhiteElo "1877"]
[BlackElo "1902"]
[PlyCount "75"]
[EventDate "2014.12.26"]
[EventType "swiss"]
[EventRounds "8"]
[EventCountry "GER"]
[SourceTitle "CBM 164 Extra"]
[Source "ChessBase"]
[SourceDate "2015.03.02"]
[SourceVersion "1"]
[SourceVersionDate "2015.03.02"]
[SourceQuality "1"]

1. e4 c5 2. Nf3 Nc6 3. d4 cxd4 4. Nxd4 e5 5. Nb3 Qh4 6. Bd3 Nf6 7. g3 Qh3 8. Bf1 Qe6 9. Bg2 b5 10. Nc3 Bb4 11. 0-0 Bxc3 12. bxc3 a5 13. a4 b4 14. cxb4 axb4 15. Bb2 d6 16. Qd2 0-0 17. f4 Rd8 18. Rad1 Rxa4 19. fxe5 dxe5 20. Qxd8+ Nxd8 21. Rxd8+ Ne8 22. Nc5 Qc6 23. Nxa4 Ba6 24. Bh3 f5 25. Rxf5 Qxa4 26. Rxe5 Bb5 27. Bf1 Bd7 28. Bc4+ Kf8 29. Bd4 g6 30. Bc5+ Kg7 31. Re7+ Kh6 32. Be3+ g5 33. Rdxd7 Qa1+ 34. Kg2 Qc3 35. Re6+ Nf6 36. Bd3 Kh5 37. g4+ Kh4 38. Rxh7+ 1-0

[Event "Berlin Lichtenberger op 12th"]
[Site "Berlin"]
[Date "2013.08.17"]
[Round "1"]
[White "Schroeter, Maik"]
[Black "Albrecht, Rainer"]
[Result "1/2-1/2"]
[WhiteElo "1856"]
[BlackElo "2112"]
[PlyCount "29"]
[EventDate "2013.08.17"]
[EventType "swiss"]
[EventRounds "9"]
[EventCountry "GER"]
[SourceTitle "CBM 156 Extra"]
[Source "ChessBase"]
[SourceDate "2013.10.22"]
[SourceVersion "1"]
[SourceVersionDate "2013.10.22"]
[SourceQuality "1"]

1. e4 e6 2. d4 d5 3. exd5 exd5 4. Bd3 Nc6 5. c3 Bd6 6. Nf3 Nge7 7. Qc2 Bg4 8. Be3 Bh5 9. Nh4 Bg6 10. Nxg6 hxg6 11. h3 Qd7 12. Na3 a6 13. Qb3 b5 14. Qd1 Na5 15. b4 1/2-1/2

[Event "GER-chT U20"]
[Site "Arendsee"]
[Date "2008.12.29"]
[Round "5.6"]
[White "Wang, Julia"]
[Black "Schroeter, Maik"]
[Result "1/2-1/2"]
[WhiteElo "1474"]
[BlackElo "1548"]
[PlyCount "46"]
[EventDate "2008.12.27"]
[EventType "team-swiss"]
[EventRounds "7"]
[EventCountry "GER"]
[SourceTitle "CBM 128 Extra"]
[Source "ChessBase"]
[SourceDate "2009.03.05"]
[SourceVersion "2"]
[SourceVersionDate "2009.03.25"]
[SourceQuality "1"]
[WhiteTeam "Heilbronn"]
[BlackTeam "Stadtilm Blau Weiss"]
[WhiteTeamCountry "GER"]
[BlackTeamCountry "GER"]

1. e4 c5 2. Nc3 e6 3. Bc4 d6 4. a4 a6 5. d3 Nf6 6. f4 Be7 7. Nf3 0-0 8. 0-0 b6 9. Qe1 Bb7 10. e5 Ne8 11. f5 exf5 12. e6 d5 13. exf7+ Rxf7 14. Bb3 Kh8 15. Ng5 Rf6 16. Nxd5 Bxd5 17. Bxd5 Qxd5 18. Qxe7 Nc6 19. Qe1 Nd6 20. Kh1 Re8 21. Qf2 Nd4 22. c4 Qb7 23. Be3 Nc2 1/2-1/2

[Event "GER-chT U20"]
[Site "Arendsee"]
[Date "2008.12.28"]
[Round "4.6"]
[White "Schroeter, Maik"]
[Black "Kabitzke, Julian"]
[Result "0-1"]
[WhiteElo "1548"]
[BlackElo "1850"]
[PlyCount "92"]
[EventDate "2008.12.27"]
[EventType "team-swiss"]
[EventRounds "7"]
[EventCountry "GER"]
[SourceTitle "CBM 128 Extra"]
[Source "ChessBase"]
[SourceDate "2009.03.05"]
[SourceVersion "2"]
[SourceVersionDate "2009.03.25"]
[SourceQuality "1"]
[WhiteTeam "Stadtilm Blau Weiss"]
[BlackTeam "Chemnitz USG"]
[WhiteTeamCountry "GER"]
[BlackTeamCountry "GER"]

1. e4 c5 2. Nf3 d6 3. d4 cxd4 4. Nxd4 Nf6 5. Nc3 a6 6. f3 e5 7. Nb3 Be6 8. Be3 Nbd7 9. Qd2 Be7 10. 0-0-0 b5 11. Kb1 0-0 12. g4 b4 13. Nd5 Bxd5 14. exd5 Nb6 15. Na5 Nbxd5 16. Nc6 Qc7 17. Nxe7+ Qxe7 18. g5 Nxe3 19. gxf6 Nxf1 20. Rhxf1 Qxf6 21. Qxb4 Rfd8 22. Rf2 d5 23. Rff1 d4 24. Qb7 Rab8 25. Qe4 Qb6 26. b3 Qc7 27. Rg1 a5 28. Qh4 a4 29. Rxg7+ Kxg7 30. Rg1+ Kf8 31. Qh6+ Ke7 32. Rg7 Rf8 33. Qg5+ Kd7 34. Qf6 Kc8 35. Qa6+ Kd8 36. Qf6+ Qe7 37. Qc6 axb3 38. Qd5+ Qd7 39. Qa5+ Qc7 40. Qd5+ Ke7 41. axb3 Rbc8 42. c3 dxc3 43. Rg5 c2+ 44. Kc1 Rfe8 45. Rf5 Kf8 46. Qd2 Qb6 0-1

[Event "GER-chT U12"]
[Site "Verden"]
[Date "2004.12.28"]
[Round "3.2"]
[White "Belger, Christian"]
[Black "Schroeter, Maik"]
[Result "1/2-1/2"]
[WhiteElo "1708"]
[BlackElo "1450"]
[PlyCount "84"]
[EventDate "2004.12.27"]
[EventType "team-swiss"]
[EventRounds "7"]
[EventCountry "GER"]
[SourceTitle "EXT 2006"]
[Source "ChessBase"]
[SourceDate "2005.11.24"]
[SourceVersion "1"]
[SourceVersionDate "2005.11.24"]
[SourceQuality "1"]

1. e4 c5 2. Nf3 d6 3. d4 cxd4 4. Nxd4 Nf6 5. Nc3 a6 6. Be3 Ng4 7. Bg5 h6 8. Bc1 e5 9. Nb3 Be6 10. Be2 Nf6 11. 0-0 Be7 12. Be3 0-0 13. f4 exf4 14. Rxf4 d5 15. exd5 Nxd5 16. Nxd5 Qxd5 17. Rd4 Qe5 18. Qd3 Nc6 19. Re4 Qf6 20. Rf1 Bf5 21. Qd1 Rad8 22. Qc1 Qg6 23. Ref4 Bh3 24. R1f2 Bg5 25. R4f3 Bg4 26. Rg3 Bxe3 27. Qxe3 Bxe2 28. Qxe2 Qd6 29. Rd3 Qe5 30. Qxe5 Nxe5 31. Rd4 Rxd4 32. Nxd4 Rd8 33. c3 Re8 34. Re2 Kf8 35. b3 f6 36. Kf2 Ng4+ 37. Kf3 Nxh2+ 38. Kg3 Nf1+ 39. Kf2 Nh2 40. Kg3 Nf1+ 41. Kf2 Nh2 42. Kg3 Nf1+ 1/2-1/2

[Event "GER-chT U12"]
[Site "Verden"]
[Date "2004.12.28"]
[Round "4.2"]
[White "Schroeter, Maik"]
[Black "Riexinger, Martin"]
[Result "0-1"]
[WhiteElo "1450"]
[BlackElo "1602"]
[PlyCount "96"]
[EventDate "2004.12.27"]
[EventType "team-swiss"]
[EventRounds "7"]
[EventCountry "GER"]
[SourceTitle "EXT 2006"]
[Source "ChessBase"]
[SourceDate "2005.11.24"]
[SourceVersion "1"]
[SourceVersionDate "2005.11.24"]
[SourceQuality "1"]

1. e4 d6 2. d4 Nf6 3. Nc3 g6 4. f4 Bg7 5. Nf3 0-0 6. Be3 Ng4 7. Bg1 e5 8. h3 exd4 9. Nxd4 Qh4+ 10. g3 Qxg3+ 11. Ke2 Qxf4 12. Bg2 Nh6 13. Be3 Qe5 14. Nf3 Qe8 15. Qd3 a6 16. Qd2 Bxc3 17. Qxc3 Qxe4 18. Ne1 Qe7 19. Kd1 Nf5 20. Bd2 Re8 21. Nf3 Qe2+ 22. Kc1 Qxg2 23. Rg1 Qxh3 24. b3 Nc6 25. Kb2 Ne5 26. Raf1 Ng7 27. Rh1 Qd7 28. Ng5 h5 29. Ne4 Ng4 30. Bh6 Re5 31. Bxg7 Kxg7 32. Ng5 f6 33. Nf3 Re7 34. Nh2 Rf7 35. Nxg4 Qxg4 36. Rfg1 Qf5 37. Ka3 Qc5+ 38. Qxc5 dxc5 39. Rxh5 g5 40. Rgh1 Kg6 41. Rh6+ Kf5 42. Rf1+ Ke5 43. Rh8 b6 44. Re8+ Kd6 45. b4 cxb4+ 46. Kxb4 Kc6 47. Rd1 a5+ 48. Kc4 Ba6+ 0-1